000 00396nam a2200145Ia 4500
008 220217s9999||||xx |||||||||||||| ||und||
020 _a9788120350786
082 _a006.31 ALP
100 _aAlpaydin, Ethem
_910125
245 0 _aIntroduction to machine learning
250 _a3
260 _aPrentice hall of india
_bNew Delhi
_c2017
300 _a613p.
_b625
650 _aMachine learning
999 _c188340
_d188340